Olho Vermelho / (Record no. 10)

MARC details
000 -LÍDER
campo de controle de tamanho fixo 01100nam a22002897a 4500
001 - NÚMERO DE CONTROLE
campo de controle 10
003 - IDENTIFICADOR DO NÚMERO DE CONTROLE
campo de controle OSt
005 - DATA E HORÁRIO DA ÚLTIMA TRANSAÇÃO
campo de controle 20250528074009.0
008 - CAMPO DE DADOS FIXOS--INFORMAÇÃO GERAL
campo de controle de tamanho fixo 250120b |||||||j |||| 00| 1 eng d
040 ## - FONTE DA CATALOGAÇÃO
Idioma da catalogação por
041 ## - CÓDIGO DE IDIOMA
Código do idioma do original e/ou traduções intermediárias do texto eng
Código do idioma do texto/trilha sonora ou título diferente por
082 ## - CDD - CLASSIFICAÇÃO DECIMAL DE DEWEY
Número de Classificação 813
Número do exemplar A248o
100 ## - ENTRADA PRINCIPAL--NOME PESSOAL
Nome pessoal Aellen, Richard
9 (RLIN) 8
240 ## - TÍTULO UNIFORME
Título uniforme Red Eye
245 ## - TÍTULO
Título Olho Vermelho /
Indicação de responsabilidade, etc. Aellen, Richard ; Tradução de Francisco Manoel da Rocha Filho.
260 ## - PUBLICAÇÃO, DISTRIBUIÇÃO, ETC.
Local de publicação, distribuição, etc. Rio de Janeiro
Nome do editor, distribuidor, etc. Record
300 ## - DESCRIÇÃO FÍSICA
Extensão 400 p.
520 ## - NOTA DE RESUMO, ETC.
Resumo, etc. Dois irmãos, ambos desconhecendo a existência um do outro, um jornalista ganhador do Prêmio Pulitzer, o outro um assassino profissional, vivenciam uma misteriosa conexão psíquica neste thriller carregado de suspense que mostra líderes soviéticos traidores conspirando para matar o Secretário-Geral e incriminar os EUA pelo ato.
650 #0 - ASSUNTO--TERMO TÓPICO
Cabeçalho tópico ou nome geográfico Literatura Americana
9 (RLIN) 84
650 #0 - ASSUNTO--TERMO TÓPICO
Cabeçalho tópico ou nome geográfico Romance Policial
9 (RLIN) 11
650 #0 - ASSUNTO--TERMO TÓPICO
Cabeçalho tópico ou nome geográfico Suspense
9 (RLIN) 10
650 #0 - ASSUNTO--TERMO TÓPICO
Cabeçalho tópico ou nome geográfico Crime e Investigação
9 (RLIN) 13
655 #0 - TERMO DE ÍNDICE--GÊNERO E FORMA
Gênero/forma/ou termo foco Romance
655 #0 - TERMO DE ÍNDICE--GÊNERO E FORMA
Gênero/forma/ou termo foco Ficção
700 ## - ENTRADA ADICIONADA - NOME PESSOAL
Função do autor por extenso Tradutor
Nome pessoal Francisco Manoel da Rocha Filho
942 ## - ELEMENTOS DE ENTRADA ADICIONADOS (KOHA)
Fonte de classificação ou esquema de arquivamento Classificação decimal de Dewey
Ocultar no OPAC Não
Tipo de material Koha Livros
Holdings
Situação do descarte Situação das perdas Fonte de classificação ou esquema de arquivamento Status danificado Não pode ser emprestado Coleção Biblioteca de origem Biblioteca atual Localização na estante Data de aquisição Fonte de aquisição Total de empréstimos Número de chamada completo Código de barras Data de último acesso Data do último empréstimo Data do preço efetivo Tipo de material Koha
    Classificação decimal de Dewey     Ficção Biblioteca Professor Eduardo Afonso de Castro Biblioteca Professor Eduardo Afonso de Castro Literatura Estrangeira 19.08.2013 doação 1 813 / A248o 2025-3336 29.01.2026 15.05.2025 20.01.2025 Livros

Powered by Koha